000 00601nam a2200205Ia 4500
005 20250508152849.0
008 008 250505s9999 xx 000 0 eng d
037 _aTextual
040 _aFEDL
_beng
_cFEDL
041 _aeng
_2eng
084 _a912.5487, LEA
_qFEDL
100 _aLearmonth A T A
245 0 _aMysore state: An atlas of resources. Vol 1
260 _aBombay, India
_bAsia Publishing House
_c1961
300 _axiii,293p.
490 _aIndian statistical institute
700 _a Bhat L S
_9762603
942 _cTEXL
_h912.5487, LEA
999 _c1339267
_d1339267